000 00517nam a22001937a 4500
003 MPLRDC
005 20220104142836.0
008 210129b ||||| |||| 00| 0 eng d
020 _a7-309-00553-8
082 _a496.5 YOU*
100 _aRODNEY YOUNG著; 徐永胜等译
245 _a从容应付: 5分钟成功推销课程
_c
250 _a一版一刷
260 _a
_b复旦大学出版社
_c1990
300 _b
490 _a复旦小丛书. 创造实践之辑
650 _a
942 _cBK
_o496.5 YOU*
999 _c34162
_d34152